La frase : método de lectura corriente : libro primero (para primer grado adelantado)
Gespeichert in:
| 1. Verfasser: | |
|---|---|
| Format: | Buch |
| Sprache: | Spanisch |
| Erschienen: |
Buenos Aires :
Tall. Gráf. de la Cía. Gral. de Fósforos,
1914
|
| Ausgabe: | 12a ed., con advertencias metodológicas para los maestros y un vocabulario para los niños |
| Katalog: | MANES: Suchergebnis im Bibliothekskatalog |
| Schulbuchspezifische Eigenschaften: |
|
| Schriftenreihe: | Obras didácticas de Victoriano E. Montes
|
| Tags: |
Tag hinzufügen
Keine Tags, Fügen Sie den ersten Tag hinzu!
|
| Hinzugefügt zu: | 29.11.1999 |
| Geändert in: | 07.05.2025 |
MARC
| LEADER | 00000cam a2200000#i 4500 | ||
|---|---|---|---|
| 005 | 20250507134506.0 | ||
| 008 | 000000s1914 arga f 000 0 spa d | ||
| 040 | |a uned |b spa |c entro-manes | ||
| 100 | 1 | |a Montes, Victoriano E. |9 18480 | |
| 245 | 1 | 3 | |a La frase : |b método de lectura corriente : libro primero (para primer grado adelantado) / |c original de Victoriano E. Montes |
| 250 | |a 12a ed., con advertencias metodológicas para los maestros y un vocabulario para los niños | ||
| 260 | |a Buenos Aires : |b Tall. Gráf. de la Cía. Gral. de Fósforos, |c 1914 | ||
| 490 | 0 | |a Obras didácticas de Victoriano E. Montes | |
| 500 | |a Texto premiado con Medalla de Oro en la Exposición del Primer Congreso Nacional del Niño, celebrado en Buenos Aires en Noviembre de 1913 |a Aprobado por el Consejo de Educación de la Provincia de Buenos Aires en los concursos de 1905 y 1909, y prorrogada dicha aprobación hasta el año de 1918. Aprobado también por el Consejo Nacional de Educación desde el año de 1907 hasta el año de 1914 inclusive; y adoptado en las principales Escuelas Normales de la República, y en las provincias de Santa fe, Entre Ríos, Corrientes, Santiago del Estero, etc., etc. | ||
| 546 | |a EspañaEscritura y Lectura | ||
| 561 | |5 es-BUNED |3 L.T.A.L. 0073 |a España. Fondo Manes UNED |k MANES | ||
| 691 | 0 | |a PRI | |
| 942 | |2 ddc |c BK | ||
| 999 | |c 95685 |d 95685 | ||
| 999 | |c manes:95685 |d 95685 | ||